Religion Quiz

Random Religion Quiz

Religious Education Keywords -Year 10 Quiz Stats

 Plays Quiz not verified by Sporcle

Challenge
Share
Tweet
Embed
Score 0/47 Timer 05:00
0 Plays Today
% Correct
Hypocrite
67.1%
Holy Week
66.2%
Trinity
65.8%
Faith
63.3%
The Law of Moses
62.9%
Charity
62.4%
Virgin birth
62%
Bishops
59.5%
Celibacy
59.1%
Displaying religion
58.6%
Apostolic
57.8%
Incarnation
57.4%
Catechism
56.5%
Chrism
56.5%
Compassion
56.1%
Anglican Churches
55.7%
Holy
54.9%
Creeds
53.6%
Salvation
53.6%
Unity
53.2%
Monotheism
52.7%
Catholic
52.7%
Laity
52.3%
Vocation
52.3%
% Correct
Liturgy of the word
51.1%
Transubstantiation
49.8%
Ordination
49.8%
Rite of communion
48.5%
Magisterium
48.5%
Orthodox Churches
48.1%
The monastic life
48.1%
Religious community
48.1%
Liturgy of the Eucharist
47.7%
Sacrament
46.8%
Repentance
46.4%
Atonement
46%
Nonconformist Churches
46%
Penance
45.1%
Active life
43.9%
The Sermon on the Mount
43.5%
Contemplative life
43%
Penitential rite
40.5%
The Evangelical Counsels
40.1%
Commemoration
38.4%
Holy orders
37.6%
Absolution
35.4%
Contrition
30.8%

You're not logged in!

Compare scores with friends on all Sporcle quizzes.
Join for Free
OR
Log In

You Might Also Like...

Show Comments

Extras

Created May 3, 2014ReportNominate
Tags:revision

Top Quizzes Today


Score Distribution

Your Account Isn't Verified!

In order to create a playlist on Sporcle, you need to verify the email address you used during registration. Go to your Sporcle Settings to finish the process.

Report this User

Report this user for behavior that violates our Community Guidelines.

Details: